ARRUPE JESUIT UNIVERSITY

CORONAVIRUS -STOP THE SPREAD - CLEAN,DISINFECT,COVER

Men of God, Men for others (Record no. 20804)

MARC details
000 -LEADER
fixed length control field 00637nam a2200217Ia 4500
003 - CONTROL NUMBER IDENTIFIER
control field 0100
005 - DATE AND TIME OF LATEST TRANSACTION
control field 20181113094824.0
008 - FIXED-LENGTH DATA ELEMENTS--GENERAL INFORMATION
fixed length control field 130303s9999 xx 000 0 und d
040 ## - CATALOGING SOURCE
Transcribing agency ARRUPELIB
050 ## - LIBRARY OF CONGRESS CALL NUMBER
Classification number BX3701.G2
300 ## - PHYSICAL DESCRIPTION
Dimensions 23cm.
100 ## - MAIN ENTRY--PERSONAL NAME
Personal name Kolvenbach, Peter H.
9 (RLIN) 43388
245 ## - TITLE STATEMENT
Title Men of God, Men for others
Remainder of title the Jesuits, an obedient avant-guard confronting the challenges of the modern wo
Statement of responsibility, etc Peter H. Kolvenbach
260 ## - PUBLICATION, DISTRIBUTION, ETC. (IMPRINT)
Place of publication, distribution, etc Middlegreen, Slough, UK
Name of publisher, distributor, etc St. Paul Publications
Date of publication, distribution, etc 1983
300 ## - PHYSICAL DESCRIPTION
Extent 167p. ;
650 ## - SUBJECT ADDED ENTRY--TOPICAL TERM
Topical term following geographic name as entry element Jesuits
9 (RLIN) 24180
700 ## - ADDED ENTRY--PERSONAL NAME
Personal name Interviewed by Renzo Giacomelli and Translated by Alan Neame
9 (RLIN) 43389
942 00 - ADDED ENTRY ELEMENTS (KOHA)
Koha issues (borrowed), all copies 3
Source of classification or shelving scheme Library of Congress Classification
Holdings
Withdrawn status Lost status Source of classification or shelving scheme Damaged status Not for loan Collection code Home library Current library Shelving location Date acquired Total Checkouts Full call number Barcode Date last seen Copy number Price effective from Koha item type Date checked out
    Library of Congress Classification     Main Collection ARRUPE LIBRARY ARRUPE LIBRARY Main Collection 04/03/2013   BX3701.G2 46003000777 22/11/2017 1 04/03/2013 Monograph ( Printed materials)  
    Library of Congress Classification     Main Collection ARRUPE LIBRARY ARRUPE LIBRARY Main Collection 04/03/2013   BX3701.G2 46003036247 22/11/2017 2 04/03/2013 Monograph ( Printed materials)  
    Library of Congress Classification     Main Collection ARRUPE LIBRARY ARRUPE LIBRARY Main Collection 04/03/2013   BX3701.G2 46003093526 22/11/2017 3 04/03/2013 Monograph ( Printed materials)  
    Library of Congress Classification     Main Collection ARRUPE LIBRARY ARRUPE LIBRARY Main Collection 04/03/2013 1 BX3701.G2 M4 1983 46600002535 22/11/2017 4 04/03/2013 Monograph ( Printed materials) 14/10/2013
    Library of Congress Classification     Main Collection ARRUPE LIBRARY ARRUPE LIBRARY Main Collection 04/03/2013 2 BX3701.G2 46500024242 22/11/2017 5 04/03/2013 Monograph ( Printed materials) 12/11/2013

 

Arrupe Library. PO Box MP320 Mt Pleasant, Harare, Zimbabwe
263 242 745411|librarian@aju.ac.zw